[Event "Barbera op "]
[Site "?"]
[Date "2012.07.05"]
[Round "2"]
[White "Muñoz Pantoja, M."]
[Black "Sanchez Ibern, M."]
[Result "1-0"]
[WhiteElo "2496"]
[BlackElo "2364"]
[PlyCount "85"]
[EventDate "2012.??.??"]
[EventType "swiss"]
[EventRounds "9"]

1. e4 e6 2. d4 d5 3. Nd2 Nf6 4. e5 Nfd7 5. Bd3 c5 6. c3 Nc6 7. Ne2 cxd4 8. cxd4
f6 9. exf6 Nxf6 10. O-O Bd6 11. f4 O-O 12. Nf3 Qb6 13. Kh1 Bd7 14. Nc3 Ne7 15.
Qe2 Rac8 16. a3 Nf5 17. Rg1 h5 18. Bd2 Ng4 19. Bxf5 exf5 20. h3 Rfe8 21. Ne5
Qxd4 22. hxg4 Bxe5 23. Be3 Qc4 24. Qxc4 Rxc4 25. fxe5 d4 26. Rgd1 dxc3 27. Rxd7
cxb2 28. Rad1 Rec8 29. Rxb7 Rc1 30. Rg1 f4 31. Bd4 Rxg1+ 32. Bxg1 hxg4 33. Rxb2
g3 34. e6 Kf8 35. Rb7 Rc6 36. Rf7+ Ke8 37. Rxf4 Rxe6 38. Bxa7 Rh6+ 39. Kg1 Re6
40. Bc5 Rc6 41. Bb4 Rc1+ 42. Rf1 Rc4 43. Be1 1-0

[Event "Barbera op "]
[Site "?"]
[Date "2012.07.05"]
[Round "2"]
[White "Narciso Dublan, M."]
[Black "Van Riemsdijk, HC."]
[Result "0-1"]
[WhiteElo "2539"]
[BlackElo "2397"]
[PlyCount "92"]
[EventDate "2012.??.??"]
[EventType "swiss"]
[EventRounds "9"]

1. d4 Nf6 2. c4 e6 3. Nc3 Bb4 4. Qc2 c5 5. dxc5 Bxc5 6. Nf3 O-O 7. Bf4 a6 8. e4
Nc6 9. O-O-O Ng4 10. Bg3 f6 11. Na4 Ba7 12. c5 Nge5 13. Nd4 Nxd4 14. Rxd4 b5
15. cxb6 Bxb6 16. Nxb6 Qxb6 17. Qd2 Bb7 18. Be2 d5 19. exd5 Bxd5 20. Bxe5 fxe5
21. Rg4 Rxf2 22. Kb1 Rc8 23. Rc1 Rxc1+ 24. Qxc1 Qb7 25. Qe3 Rxg2 26. Qxe5 Rxg4
27. Bxg4 Qb6 28. Qe1 g6 29. h4 h5 30. Bd1 Qd4 31. Bc2 Kg7 32. Qg3 Qg4 33. Qe5+
Kh7 34. b3 Qxh4 35. Qc7+ Kh6 36. Qe5 Qd8 37. Qf4+ Kg7 38. Qd4+ Qf6 39. Qa7+ Kh6
40. Qxa6 Qf3 41. Qc8 Qf1+ 42. Kb2 Qf6+ 43. Ka3 h4 44. Qc7 h3 45. Qg3 Bg2 46. b4
Qf3+ 0-1

[Event "Barbera op "]
[Site "?"]
[Date "2012.07.05"]
[Round "2"]
[White "Pieri, PL."]
[Black "Aranaz Murillo, A."]
[Result "1-0"]
[WhiteElo "2048"]
[BlackElo "2248"]
[PlyCount "103"]
[EventDate "2012.??.??"]
[EventType "swiss"]
[EventRounds "9"]

1. e4 e6 2. Nf3 d5 3. Nc3 Nf6 4. e5 Nfd7 5. d4 c5 6. dxc5 Nc6 7. Bf4 Bxc5 8.
Bd3 h6 9. h4 O-O 10. Qe2 f5 11. exf6 Qxf6 12. Bg5 Qf7 13. O-O-O Bd6 14. Kb1
Nde5 15. Nxe5 Nxe5 16. Be3 a6 17. g4 Qf3 18. Qxf3 Nxf3 19. Be2 b5 20. Rh3 Ne5
21. g5 hxg5 22. hxg5 Ng6 23. Bf3 Bb7 24. Be4 Nf4 25. Rh4 dxe4 26. Rxd6 Ng2 27.
Rg4 Nxe3 28. fxe3 Rf3 29. Kc1 Rxe3 30. Rxe6 Rd8 31. Rg1 Kf7 32. Rb6 Bc8 33. g6+
Ke7 34. Rf1 Bh3 35. Rd1 Rxd1+ 36. Nxd1 Rg3 37. Kd2 Rg2+ 38. Kc3 Re2 39. a4 Bf1
40. axb5 axb5 41. Rb7+ Ke8 42. Rxg7 Re1 43. Kd2 Re2+ 44. Kc3 Re1 45. Nf2 e3 46.
Ng4 Bc4 47. b3 e2 48. bxc4 Rd1 49. Nf6+ Kd8 50. Rg8+ Ke7 51. Re8+ Kxf6 52. Rxe2
1-0

[Event "Barbera op "]
[Site "?"]
[Date "2012.07.05"]
[Round "2"]
[White "Quesada Perez, Y."]
[Black "Laxman, RR."]
[Result "1-0"]
[WhiteElo "2626"]
[BlackElo "2422"]
[PlyCount "99"]
[EventDate "2012.??.??"]
[EventType "swiss"]
[EventRounds "9"]

1. e4 e5 2. Nf3 Nf6 3. Nxe5 d6 4. Nf3 Nxe4 5. Nc3 Nxc3 6. dxc3 Nc6 7. Be3 Bg4
8. h3 Be6 9. Nd4 Qd7 10. Nxe6 fxe6 11. Qg4 d5 12. O-O-O Bd6 13. c4 Ne5 14. Qh5+
g6 15. Qh4 c6 16. Bh6 Qe7 17. Bg5 Qf7 18. cxd5 cxd5 19. Bb5+ Nc6 20. Bh6 Bf8
21. Bxf8 Rxf8 22. Rhe1 a6 23. Bxc6+ bxc6 24. Re3 Kd7 25. Rde1 Qf6 26. Qg4 Rab8
27. c3 Qf5 28. Qd4 Qxf2 29. Qa7+ Kc8 30. Qxa6+ Kc7 31. Qe2 Qf4 32. g3 Qf2 33.
Rxe6 Qxe2 34. R1xe2 Rf3 35. Re7+ Kb6 36. R7e3 Rbf8 37. Kc2 Rxe3 38. Rxe3 Rf2+
39. Kb3 Rg2 40. a4 Rh2 41. h4 Rg2 42. Ka3 h6 43. b4 g5 44. h5 Rd2 45. Kb3 d4
46. Re6 Kb7 47. Rd6 Rh2 48. Rxd4 Rxh5 49. Rd7+ Ka6 50. a5 1-0

[Event "Barbera op "]
[Site "?"]
[Date "2012.07.05"]
[Round "2"]
[White "Saptarshi, R."]
[Black "Sos Andreu, E."]
[Result "1-0"]
[WhiteElo "2389"]
[BlackElo "2185"]
[PlyCount "51"]
[EventDate "2012.??.??"]
[EventType "swiss"]
[EventRounds "9"]

1. e4 e6 2. d4 d5 3. Nc3 Nf6 4. Bg5 Bb4 5. Nge2 dxe4 6. a3 Be7 7. Bxf6 gxf6 8.
Nxe4 b6 9. c4 Bb7 10. N4c3 f5 11. d5 Bf6 12. Qc2 O-O 13. O-O-O Qe7 14. g4 fxg4
15. h3 Bg7 16. hxg4 h6 17. f4 exd5 18. cxd5 Qe3+ 19. Kb1 Qf3 20. Rh3 Qxg4 21.
Rg3 Qh4 22. Bh3 Kh8 23. Rdg1 Bf6 24. Bf5 Bc8 25. Bxc8 Rxc8 26. Qf5 1-0

[Event "Barbera op "]
[Site "?"]
[Date "2012.07.05"]
[Round "2"]
[White "Silva Rodriguez, J."]
[Black "Colon Garcia, E."]
[Result "0-1"]
[WhiteElo "2168"]
[BlackElo "2365"]
[PlyCount "66"]
[EventDate "2012.??.??"]
[EventType "swiss"]
[EventRounds "9"]

1. e4 c5 2. Nf3 d6 3. d4 cxd4 4. Nxd4 Nf6 5. Nc3 a6 6. Bc4 e6 7. Bb3 b5 8. O-O
Be7 9. Qf3 Qb6 10. Bg5 Nbd7 11. Rad1 Qb7 12. Rfe1 O-O 13. Qg3 b4 14. Na4 Kh8
15. f3 h6 16. Be3 Nc5 17. e5 dxe5 18. Nxc5 Bxc5 19. Qxe5 Be7 20. Ba4 Bd7 21.
Bb3 Bd8 22. Bf4 Rc8 23. Qe3 a5 24. c3 bxc3 25. bxc3 a4 26. Bc2 Nd5 27. Qd3 f5
28. Bd2 Bf6 29. Kh1 Rfe8 30. Rb1 Qc7 31. Nxe6 Rxe6 32. Qxd5 Rd6 33. Qb7 Rxd2
0-1

[Event "Barbera op "]
[Site "?"]
[Date "2012.07.05"]
[Round "2"]
[White "Subirachs Mancebo, G."]
[Black "Thakur, A."]
[Result "0-1"]
[WhiteElo "2109"]
[BlackElo "2280"]
[PlyCount "98"]
[EventDate "2012.??.??"]
[EventType "swiss"]
[EventRounds "9"]

1. e4 e5 2. Nf3 Nc6 3. d4 exd4 4. Nxd4 Nf6 5. Nxc6 bxc6 6. Bd3 d5 7. exd5 cxd5
8. O-O Be7 9. Nd2 O-O 10. Nf3 c5 11. c3 Bd6 12. Bg5 h6 13. Bh4 Rb8 14. Rb1 Re8
15. Bc2 g5 16. Bg3 Bxg3 17. hxg3 Ba6 18. Re1 Rxe1+ 19. Qxe1 Qd6 20. Qe5 Qxe5
21. Nxe5 Re8 22. Re1 d4 23. cxd4 cxd4 24. Bb3 Re7 25. f4 Nd7 26. Kf2 Nxe5 27.
Rxe5 Rxe5 28. fxe5 Kg7 29. Kf3 Bb7+ 30. Ke2 f6 31. e6 Kf8 32. Kd3 Ke7 33. Kxd4
Bxg2 34. a4 h5 35. Ke3 Bh3 36. Bd1 h4 37. gxh4 gxh4 38. b4 Bxe6 39. b5 Kd6 40.
a5 Bc4 41. Be2 Bxe2 42. Kxe2 Kc5 43. b6 axb6 44. axb6 Kxb6 45. Kf3 f5 46. Kg2
f4 47. Kf3 h3 48. Kf2 Kc5 49. Kg1 f3 0-1

[Event "Barbera op "]
[Site "?"]
[Date "2012.07.05"]
[Round "2"]
[White "Vehi Bach, VM."]
[Black "Campos Cayuelas, A."]
[Result "1-0"]
[WhiteElo "2362"]
[BlackElo "2007"]
[PlyCount "59"]
[EventDate "2012.??.??"]
[EventType "swiss"]
[EventRounds "9"]

1. e4 e6 2. d4 d5 3. Nc3 Nf6 4. Bg5 Bb4 5. e5 h6 6. Bd2 Bxc3 7. bxc3 Ne4 8. Qg4
Kf8 9. Qf4 c5 10. Bd3 Nxd2 11. Qxd2 Nc6 12. Nf3 Qa5 13. dxc5 Qxc5 14. Rb1 a6
15. O-O b5 16. Rfe1 Bd7 17. h4 Rc8 18. h5 Na5 19. Qf4 Qe7 20. Re3 Rxc3 21. Nh4
Ke8 22. Ng6 fxg6 23. Bxg6+ Kd8 24. Rxc3 Nc6 25. Rf3 Be8 26. Qe3 Qc7 27. Re1 Nb4
28. Qa3 Bxg6 29. hxg6 Qc5 30. c3 1-0

[Event "Barbera op "]
[Site "?"]
[Date "2012.07.06"]
[Round "3"]
[White "Aranaz Murillo, A."]
[Black "Diaz Camallonga, C."]
[Result "1-0"]
[WhiteElo "2248"]
[BlackElo "2144"]
[PlyCount "145"]
[EventDate "2012.??.??"]
[EventType "swiss"]
[EventRounds "9"]

1. Nf3 Nf6 2. c4 g6 3. Nc3 d5 4. Qa4+ c6 5. cxd5 Nxd5 6. Nxd5 Qxd5 7. e4 Qd8 8.
d4 Bg7 9. Be3 O-O 10. Be2 Nd7 11. Rd1 Qc7 12. Qc2 Nb6 13. h3 Rd8 14. O-O Bd7
15. b3 Rac8 16. Rc1 Be8 17. Rfd1 Nd7 18. Bc4 Nb6 19. Be2 Nd7 20. Bg5 Kf8 21.
Qd2 Nf6 22. Qe3 Qb6 23. Ne5 a5 24. h4 Qa7 25. h5 Nxh5 26. Bxh5 gxh5 27. Bh6 f6
28. Nf3 b6 29. Qf4 Bg6 30. Ne5 Qb7 31. Rc3 Kg8 32. Nxg6 hxg6 33. Rg3 g5 34.
Bxg5 fxg5 35. Rxg5 e6 36. Qe5 Qe7 37. Rd3 h4 38. Rg6 Rf8 39. Rh3 Rf7 40. Qh5
Rf4 41. f3 Kf8 42. g3 Bxd4+ 43. Kg2 Rf7 44. Rxh4 Ke8 45. e5 c5 46. Qg4 Kd7 47.
Rhh6 Rc6 48. f4 b5 49. Qd1 Kc7 50. Qd3 Rb6 51. Rg8 Qd7 52. Qg6 Rb8 53. Rhh8
Rxg8 54. Qxg8 Kb6 55. Kh3 Qc7 56. Rh6 Re7 57. Rxe6+ Rxe6 58. Qxe6+ Ka7 59. Qd5
Be3 60. e6 Kb6 61. Qe4 Bd4 62. e7 Qd7+ 63. f5 Qe8 64. Qe6+ Kc7 65. Kg4 Bc3 66.
Kf4 Bd4 67. f6 Bxf6 68. Qxf6 Kd7 69. Qf8 a4 70. bxa4 b4 71. Qxe8+ Kxe8 72. Ke4
c4 73. a5 1-0

[Event "Barbera op "]
[Site "?"]
[Date "2012.07.06"]
[Round "3"]
[White "Bulmaga, I."]
[Black "Bergez, L."]
[Result "1-0"]
[WhiteElo "2371"]
[BlackElo "2420"]
[PlyCount "123"]
[EventDate "2012.??.??"]
[EventType "swiss"]
[EventRounds "9"]

1. e4 c6 2. d4 d5 3. e5 Bf5 4. Nf3 e6 5. Be2 Ne7 6. O-O Bg6 7. Nbd2 Nf5 8. Nb3
Be7 9. Bd2 Nd7 10. a4 O-O 11. a5 Qc7 12. g4 Nh6 13. h3 Kh8 14. Ne1 Ng8 15. f4
f6 16. Bd3 Bxd3 17. cxd3 fxe5 18. dxe5 Nxe5 19. fxe5 Qxe5 20. Ng2 Qg3 21. Bf4
Qxh3 22. d4 Nh6 23. Qf3 Qxf3 24. Rxf3 Nxg4 25. Raf1 g5 26. Bg3 Rxf3 27. Rxf3
Kg7 28. Ne3 Nh6 29. Nc5 Bxc5 30. Be5+ Kg6 31. Rf6+ Kh5 32. dxc5 Re8 33. Kg2 Nf5
34. Nf1 Nh4+ 35. Kh3 g4+ 36. Kg3 Ng6 37. Bf4 Rf8 38. Rxf8 Nxf8 39. Ne3 Nd7 40.
Bd6 Nf6 41. Kf4 Kg6 42. a6 bxa6 43. Nc2 g3 44. Kf3 Ne4 45. Nd4 Nxc5 46. Bxc5 e5
47. Nxc6 Kf5 48. Ne7+ Ke6 49. Kxg3 d4 50. Kf3 h5 51. Ke4 h4 52. Nf5 h3 53. Ng3
h2 54. Nh1 a5 55. Bxa7 d3 56. Kxd3 Kf5 57. Ke3 Kg4 58. Bb8 Kh3 59. Bxe5 Kg2 60.
Bxh2 Kxh1 61. Bc7 a4 62. Bd6 1-0

[Event "Barbera op "]
[Site "?"]
[Date "2012.07.06"]
[Round "3"]
[White "Canal Oliveras, J."]
[Black "Guix Torres, D."]
[Result "1-0"]
[WhiteElo "2226"]
[BlackElo "2011"]
[PlyCount "73"]
[EventDate "2012.??.??"]
[EventType "swiss"]
[EventRounds "9"]

1. e4 e5 2. f4 Bc5 3. Nf3 d6 4. c3 Bb6 5. Na3 Nf6 6. Qc2 Nbd7 7. Nc4 exf4 8. d4
O-O 9. Bd3 Re8 10. O-O Nh5 11. a4 a6 12. Nxb6 Nxb6 13. a5 Nd7 14. e5 dxe5 15.
Bxh7+ Kh8 16. Bf5 exd4 17. Nxd4 Ndf6 18. Bxc8 Rxc8 19. Bxf4 Nxf4 20. Rxf4 Qd5
21. Qf2 Re4 22. Rf1 Rxf4 23. Qxf4 Kg8 24. Nf5 Qc5+ 25. Kh1 Qf8 26. h3 c5 27.
Rf3 Rc6 28. Nxg7 Kxg7 29. Qg5+ Kh7 30. Rxf6 Rxf6 31. Qxf6 Kg8 32. Qg5+ Kh7 33.
Qh4+ Kg8 34. Qg3+ Kh7 35. Qc7 Qe8 36. Qxc5 Qe4 37. Qh5+ 1-0

[Event "Barbera op "]
[Site "?"]
[Date "2012.07.06"]
[Round "3"]
[White "Cornette, M."]
[Black "Rios Gomez, CC."]
[Result "0-1"]
[WhiteElo "2567"]
[BlackElo "2405"]
[PlyCount "104"]
[EventDate "2012.??.??"]
[EventType "swiss"]
[EventRounds "9"]

1. c4 Nf6 2. g3 e6 3. Bg2 d5 4. Nf3 dxc4 5. Qa4+ Bd7 6. Qxc4 Bc6 7. Nc3 Nbd7 8.
e4 Be7 9. O-O O-O 10. Re1 Nc5 11. Ne5 Nfd7 12. Nxc6 bxc6 13. e5 Nb6 14. Qf1 Nd3
15. Re3 Nxc1 16. Bxc6 Rb8 17. Rxc1 Qxd2 18. Re2 Qd3 19. Bb5 Qf5 20. Re3 Bc5 21.
Re4 Rfd8 22. Qe2 Bd4 23. Bd3 Qxf2+ 24. Qxf2 Bxf2+ 25. Kxf2 Rxd3 26. Re2 Nd7 27.
Na4 Rb4 28. b3 Rb7 29. Rec2 g6 30. Ke2 Rd5 31. Rxc7 Rxe5+ 32. Kf2 Reb5 33. g4
g5 34. Rxb7 Rxb7 35. Rc8+ Kg7 36. Nc5 Nxc5 37. Rxc5 Kg6 38. Kg3 Rd7 39. Ra5 h5
40. h3 h4+ 41. Kf3 f5 42. Ra6 Kf6 43. gxf5 Kxf5 44. Ke3 Rc7 45. Kd3 e5 46. Ra4
e4+ 47. Rxe4 Rc3+ 48. Kd4 Rxh3 49. Re7 Rg3 50. Rxa7 h3 51. b4 h2 52. Rh7 Rg4+
0-1

[Event "Barbera op "]
[Site "?"]
[Date "2012.07.06"]
[Round "3"]
[White "Dave, D."]
[Black "Aloma Vidal, R."]
[Result "0-1"]
[WhiteElo "2170"]
[BlackElo "2400"]
[PlyCount "84"]
[EventDate "2012.??.??"]
[EventType "swiss"]
[EventRounds "9"]

1. e4 d5 2. exd5 Qxd5 3. Nc3 Qa5 4. d4 Nf6 5. Nf3 Bf5 6. Bc4 e6 7. Bd2 Bb4 8.
Qe2 Nbd7 9. h3 Bxc2 10. d5 O-O-O 11. dxe6 Nb6 12. exf7 Nxc4 13. Qxc4 Bd3 14.
Qe6+ Kb8 15. Qb3 Rd6 16. O-O-O Rc6 17. Nd4 Rb6 18. Be3 Bxc3 19. Qxc3 Qxc3+ 20.
bxc3 Bg6 21. Nb3 Rc6 22. Kb2 Bxf7 23. Rd4 b6 24. Rhd1 Kc8 25. Bf4 Re8 26. Be3
Ne4 27. Rc1 Nd6 28. Bf4 Re2+ 29. Rc2 Rxc2+ 30. Kxc2 Nb5 31. Rd2 Nxc3 32. Kb2
Nd5 33. Be5 h5 34. Bxg7 Rg6 35. Be5 Rxg2 36. Bg3 Rg1 37. Nd4 Re1 38. Nf3 Re4
39. Ng5 Rb4+ 40. Ka3 a5 41. Nxf7 Nc3 42. Rb2 Nb5# 0-1

[Event "Barbera op "]
[Site "?"]
[Date "2012.07.06"]
[Round "3"]
[White "Fenollar Jorda, M."]
[Black "Aprea, D."]
[Result "1-0"]
[WhiteElo "2354"]
[BlackElo "1942"]
[PlyCount "115"]
[EventDate "2012.??.??"]
[EventType "swiss"]
[EventRounds "9"]

1. d4 Nf6 2. c4 e6 3. Nc3 d5 4. cxd5 exd5 5. Bg5 Be7 6. e3 c6 7. Qc2 O-O 8. Bd3
Nbd7 9. Nge2 Re8 10. O-O Nf8 11. f3 h6 12. Bh4 Ne6 13. Rad1 Kh8 14. Kh1 Rg8 15.
Bf2 g5 16. e4 Bd7 17. Bg3 Nc7 18. Be5 Be6 19. f4 Bg4 20. Rf2 Bxe2 21. Qxe2 g4
22. Bc2 Rg7 23. Bxf6 Bxf6 24. e5 Bh4 25. g3 Be7 26. f5 f6 27. Rf4 Qg8 28. Rdf1
Rg5 29. Bd1 h5 30. h3 gxh3 31. Rh4 Qh7 32. Kh2 Rag8 33. Rxh5 Rxh5 34. Qxh5 Qxh5
35. Bxh5 Rg5 36. g4 b5 37. Ne2 Kg7 38. Nf4 c5 39. Ng6 Rxg6 40. Bxg6 cxd4 41.
Rc1 Na6 42. e6 Nc5 43. Be8 a6 44. Bc6 Na4 45. Bxd5 Nxb2 46. Rc7 Kf8 47. Rc8+
Kg7 48. Re8 Bd6+ 49. Kxh3 d3 50. e7 Bxe7 51. Rxe7+ Kf8 52. Rf7+ Ke8 53. Bb3 d2
54. Rxf6 d1=Q 55. Bxd1 Nxd1 56. Rxa6 b4 57. g5 Nc3 58. g6 1-0

[Event "Barbera op "]
[Site "?"]
[Date "2012.07.06"]
[Round "3"]
[White "Fernandez Aguilar, F."]
[Black "Isgandarova, K."]
[Result "0-1"]
[WhiteElo "1946"]
[BlackElo "2206"]
[PlyCount "56"]
[EventDate "2012.??.??"]
[EventType "swiss"]
[EventRounds "9"]

1. e4 e6 2. d4 d5 3. Nd2 Nf6 4. e5 Nfd7 5. f4 c5 6. c3 Nc6 7. Ndf3 Qb6 8. g3
cxd4 9. cxd4 Bb4+ 10. Kf2 f6 11. Kg2 O-O 12. Bd3 Kh8 13. Ne2 fxe5 14. fxe5 Rxf3
15. Kxf3 Nxd4+ 16. Kg2 Nxe5 17. Be3 Bc5 18. Rc1 Nb3 19. Rxc5 Nxc5 20. Bb1 Ng4
21. Bd4 Qd6 22. Nf4 e5 23. Re1 Bd7 24. Rxe5 Qxe5 25. Bxc5 Qxb2+ 26. Ne2 Bb5 27.
Bc2 Rc8 28. Qxd5 Bc6 0-1

[Event "Barbera op "]
[Site "?"]
[Date "2012.07.06"]
[Round "3"]
[White "Gomez Ledo, RC."]
[Black "Vehi Bach, VM."]
[Result "1-0"]
[WhiteElo "2428"]
[BlackElo "2362"]
[PlyCount "75"]
[EventDate "2012.??.??"]
[EventType "swiss"]
[EventRounds "9"]

1. d4 Nf6 2. c4 e6 3. Nc3 Bb4 4. e3 O-O 5. Nge2 d5 6. a3 Be7 7. Nf4 c6 8. Bd3
Nbd7 9. cxd5 exd5 10. Qf3 Nb6 11. h3 c5 12. O-O Be6 13. Rd1 Qc7 14. Nb5 Qd7 15.
dxc5 Bxc5 16. b3 a6 17. Bb2 Be7 18. Nd4 Bd6 19. Nde2 Qe7 20. Ng3 Nbd7 21. Nf5
Bxf5 22. Bxf5 Be5 23. Nxd5 Nxd5 24. Bxe5 Nxe5 25. Qxd5 Rad8 26. Qa5 Nc6 27. Qa4
g6 28. Bg4 Rd6 29. Rxd6 Qxd6 30. Rd1 Qf6 31. Bf3 Rd8 32. Rxd8+ Nxd8 33. Qe8+
Kg7 34. Qd7 b6 35. Bd5 Kh6 36. f4 Ne6 37. Bxe6 fxe6 38. Qd4 1-0

[Event "Barbera op "]
[Site "?"]
[Date "2012.07.06"]
[Round "3"]
[White "Iagar, RG."]
[Black "Jareño Badenas, A."]
[Result "1/2-1/2"]
[WhiteElo "2154"]
[BlackElo "2002"]
[PlyCount "62"]
[EventDate "2012.??.??"]
[EventType "swiss"]
[EventRounds "9"]

1. d4 Nf6 2. Nf3 g6 3. g3 Bg7 4. Bg2 O-O 5. O-O d6 6. c4 Nbd7 7. Nc3 e5 8. e4
exd4 9. Nxd4 Re8 10. h3 a6 11. Be3 Rb8 12. Re1 Ne5 13. b3 c5 14. Nc2 b5 15.
cxb5 axb5 16. b4 Qc7 17. f4 Nc4 18. Bf2 Be6 19. Rb1 Nd7 20. Nd5 Qa7 21. bxc5
dxc5 22. Ndb4 Qa4 23. Nc6 Rbc8 24. f5 Rxc6 25. fxe6 Rcxe6 26. Qxd7 Qxc2 27.
Rxb5 Ne5 28. Qd1 Qxa2 29. Rxc5 Qa6 30. Rd5 h5 31. Qe2 Qxe2 1/2-1/2

[Event "Barbera op "]
[Site "?"]
[Date "2012.07.06"]
[Round "3"]
[White "Jaramillo Ochoa, M."]
[Black "Saptarshi, R."]
[Result "0-1"]
[WhiteElo "2030"]
[BlackElo "2389"]
[PlyCount "120"]
[EventDate "2012.??.??"]
[EventType "swiss"]
[EventRounds "9"]

1. e4 c5 2. Nf3 a6 3. c4 Nc6 4. d4 cxd4 5. Nxd4 e5 6. Nc2 Nf6 7. Nc3 Bc5 8. Bd3
h6 9. O-O d6 10. a3 O-O 11. b4 Ba7 12. Rb1 Ne7 13. Be3 Ng6 14. Bxa7 Rxa7 15.
Ne3 Be6 16. Qd2 Nh7 17. Ned5 Ra8 18. Qe3 Rc8 19. Rfc1 f5 20. exf5 Bxf5 21. Bxf5
Rxf5 22. Ne4 Ng5 23. Nxg5 Rxg5 24. Qe4 h5 25. f3 Nh4 26. Ne3 Rg6 27. Qxb7 Rc7
28. Qd5+ Rf7 29. Kf2 Qg5 30. Rg1 Qf4 31. g3 Qxf3+ 32. Qxf3 Nxf3 33. Rgd1 Nd2+
34. Kg2 Nxb1 35. Rxb1 Rgf6 36. Rb2 Rf3 37. Re2 e4 38. a4 a5 39. bxa5 Ra7 40.
Nd5 Rxa5 41. Rxe4 Rf7 42. Re8+ Rf8 43. Re6 Rxa4 44. Nf4 Rf6 45. Re4 Rh6 46. h4
Kf7 47. Rd4 Ra5 48. Nh3 Ra2+ 49. Kf3 Rg6 50. Ng5+ Ke7 51. Ne4 Ra3+ 52. Kf2 Rb3
53. Rd5 Re6 54. Rd4 Ra3 55. Kg2 Re3 56. Ng5 Rf6 57. Ne4 Re2+ 58. Kg1 Re6 59.
Ng5 R6e3 60. g4 Ra2 0-1

[Event "Barbera op "]
[Site "?"]
[Date "2012.07.06"]
[Round "3"]
[White "Lacasta Palacio, J."]
[Black "Subirachs Mancebo, G."]
[Result "1/2-1/2"]
[WhiteElo "2195"]
[BlackElo "2109"]
[PlyCount "64"]
[EventDate "2012.??.??"]
[EventType "swiss"]
[EventRounds "9"]

1. c4 e5 2. e3 Nc6 3. a3 g6 4. b4 Bg7 5. Bb2 d6 6. f4 Nh6 7. Nf3 O-O 8. b5 Nb8
9. fxe5 dxe5 10. Qc2 Qe7 11. Nc3 c6 12. a4 Re8 13. e4 f5 14. Ba3 Qd8 15. Be2
Nd7 16. Rb1 Nf6 17. d3 Nhg4 18. Bc5 Bf8 19. Bg1 Qa5 20. Kf1 Bh6 21. c5 Be6 22.
exf5 Bxf5 23. Nh4 Be6 24. Bxg4 Nxg4 25. h3 Ne3+ 26. Bxe3 Bxe3 27. Ne4 Rf8+ 28.
Ke2 Bd4 29. Nf3 Bd5 30. Nxd4 exd4 31. Rhf1 Rae8 32. Rxf8+ Rxf8 1/2-1/2

[Event "Barbera op "]
[Site "?"]
[Date "2012.07.06"]
[Round "3"]
[White "Miller, JS."]
[Black "Aranaz Portugues, JC."]
[Result "1-0"]
[WhiteElo "2060"]
[BlackElo "2189"]
[PlyCount "119"]
[EventDate "2012.??.??"]
[EventType "swiss"]
[EventRounds "9"]

1. e4 c6 2. Nf3 d5 3. Nc3 Bg4 4. d4 dxe4 5. Nxe4 Bxf3 6. Qxf3 Qxd4 7. Bd3 Nf6
8. Be3 Qb4+ 9. c3 Qa5 10. O-O Nbd7 11. b4 Qc7 12. Bf4 e5 13. Nxf6+ gxf6 14. Be3
Be7 15. Rad1 Nb6 16. Bf5 Nd5 17. c4 Nxe3 18. Bd7+ Kf8 19. fxe3 Rd8 20. Qh3 Rg8
21. Rf3 Rg6 22. c5 Kg7 23. e4 b6 24. Rfd3 bxc5 25. Bf5 Rxd3 26. Rxd3 cxb4 27.
Kh1 Qb6 28. Bxg6 hxg6 29. Qf3 Qc5 30. h4 Qc1+ 31. Rd1 Qh6 32. g3 a5 33. Kg2 a4
34. Qd3 Bc5 35. Qc4 Bd4 36. Qxb4 Qe3 37. Qe1 Qa3 38. Qe2 c5 39. Rf1 Qc3 40. Qf3
Qb2+ 41. Kh1 Qb6 42. h5 Qc6 43. Qxf6+ Qxf6 44. h6+ Kxh6 45. Rxf6 c4 46. Rxf7 c3
47. Rc7 Kg5 48. Rc6 Kh6 49. Kg2 Kg7 50. Kf3 Kf7 51. Ke2 Kg7 52. Ra6 a3 53. Rxa3
c2 54. Kd2 Kf6 55. Kxc2 Kg7 56. Kd2 Kf7 57. Ke2 Kg7 58. Rd3 Kh6 59. Rxd4 exd4
60. e5 1-0

[Event "Barbera op "]
[Site "?"]
[Date "2012.07.06"]
[Round "3"]
[White "Palit, S."]
[Black "Pieri, PL."]
[Result "1-0"]
[WhiteElo "2393"]
[BlackElo "2048"]
[PlyCount "127"]
[EventDate "2012.??.??"]
[EventType "swiss"]
[EventRounds "9"]

1. e4 e5 2. Nf3 Nc6 3. Bb5 a6 4. Ba4 Nf6 5. d3 b5 6. Bb3 Be7 7. O-O O-O 8. Re1
d6 9. c3 Na5 10. Bc2 c5 11. Nbd2 Re8 12. Nf1 Bf8 13. Ng3 g6 14. d4 exd4 15.
cxd4 Bg7 16. Bf4 Bb7 17. dxc5 dxc5 18. Qxd8 Raxd8 19. Bc7 Nc4 20. Bxd8 Rxd8 21.
Rad1 Rc8 22. e5 Ng4 23. b3 Bxf3 24. gxf3 Ngxe5 25. bxc4 Nxf3+ 26. Kf1 Nxe1 27.
Rxe1 bxc4 28. Ne4 Rb8 29. Nxc5 Rb2 30. Re8+ Bf8 31. Nd7 Rxc2 32. Rxf8+ Kg7 33.
Rc8 Rxa2 34. Rxc4 a5 35. Nc5 Kf6 36. Re4 h5 37. Kg2 Kf5 38. Re7 f6 39. Ra7 g5
40. Nb7 a4 41. Ra5+ Kg6 42. Nc5 g4 43. Rxa4 Rxa4 44. Nxa4 Kg5 45. Nc3 f5 46.
Ne2 f4 47. f3 Kf5 48. h4 Ke5 49. Kf2 Kf5 50. Nc1 Ke5 51. Nd3+ Kf5 52. Kg2 gxf3+
53. Kxf3 Kg6 54. Nxf4+ Kh6 55. Ke4 Kg7 56. Nxh5+ Kg6 57. Ng3 Kh6 58. Kf4 Kg6
59. Kg4 Kh6 60. h5 Kg7 61. Kg5 Kh7 62. h6 Kh8 63. Kg6 Kg8 64. Ne4 1-0

[Event "Barbera op "]
[Site "?"]
[Date "2012.07.06"]
[Round "3"]
[White "Perez Mañas, B."]
[Black "Fernandez Diaz, C."]
[Result "1-0"]
[WhiteElo "2250"]
[BlackElo "2162"]
[PlyCount "71"]
[EventDate "2012.??.??"]
[EventType "swiss"]
[EventRounds "9"]

1. e4 c5 2. Nf3 Nc6 3. d4 cxd4 4. Nxd4 g6 5. c4 Nf6 6. Nc3 Nxd4 7. Qxd4 d6 8.
Be2 Bg7 9. O-O O-O 10. Bg5 Be6 11. Qd2 a5 12. Rad1 a4 13. Rfe1 Qa5 14. Bf1 Rfc8
15. Nd5 Bxd5 16. exd5 Qxd2 17. Rxd2 h6 18. Bh4 Kf8 19. f4 Rc7 20. Bf2 Ng4 21.
Bb6 Rcc8 22. h3 Nf6 23. Bd4 h5 24. Bd3 Rc7 25. Rde2 h4 26. Bb6 Rd7 27. Bf2 Bh6
28. f5 g5 29. g3 hxg3 30. Bxg3 Nh5 31. Bh2 Bg7 32. Kg2 Bd4 33. Kf3 f6 34. h4
gxh4 35. Re4 Be5 36. Rxh4 1-0

[Event "Barbera op "]
[Site "?"]
[Date "2012.07.06"]
[Round "3"]
[White "Perez Mitjans, O."]
[Black "Anurag, M."]
[Result "0-1"]
[WhiteElo "2504"]
[BlackElo "2301"]
[PlyCount "76"]
[EventDate "2012.??.??"]
[EventType "swiss"]
[EventRounds "9"]

1. e4 e5 2. Nf3 Nc6 3. d4 exd4 4. Bc4 Nf6 5. e5 d5 6. Bb5 Ne4 7. Nxd4 Bd7 8.
Bxc6 bxc6 9. O-O Bc5 10. Be3 O-O 11. Nd2 Qe7 12. Re1 f5 13. N2b3 f4 14. Nxc5
Qxc5 15. Bc1 Rae8 16. c3 Qb6 17. f3 Ng5 18. Kh1 Ne6 19. b3 c5 20. Nxe6 Bxe6 21.
Ba3 Rf5 22. b4 Bf7 23. e6 Rxe6 24. bxc5 Qa6 25. Bb2 Rfe5 26. Rxe5 Rxe5 27. c4
Rh5 28. Qb3 Qc8 29. Qc3 Qf8 30. Rd1 Rg5 31. c6 dxc4 32. Rd7 Qe8 33. Qd2 Qe6 34.
Rd8+ Be8 35. h3 h6 36. Qxf4 Qe1+ 37. Kh2 Qe2 38. Qe4 Qxg2# 0-1

[Event "Barbera op "]
[Site "?"]
[Date "2012.07.06"]
[Round "3"]
[White "Remolar Gallen, J."]
[Black "Krishna, CRG."]
[Result "0-1"]
[WhiteElo "2121"]
[BlackElo "2273"]
[PlyCount "90"]
[EventDate "2012.??.??"]
[EventType "swiss"]
[EventRounds "9"]

1. e4 e6 2. b3 d5 3. Bb2 dxe4 4. Nc3 Nf6 5. Qe2 Be7 6. O-O-O Nc6 7. Nxe4 Nd4 8.
Qd3 e5 9. g3 O-O 10. Bg2 c5 11. Ne2 Bg4 12. Nxf6+ Bxf6 13. Bxd4 exd4 14. Be4
Qa5 15. a4 c4 16. Qxc4 Rac8 17. Qd3 b5 18. f3 bxa4 19. Kb2 Bd7 20. c4 dxc3+ 21.
Nxc3 Bb5 22. Qc2 axb3 23. Qxb3 Bc4 24. Ra1 Qxa1+ 25. Rxa1 Bxb3 26. Kxb3 Rfd8
27. Ra2 Rc7 28. Kc2 Rd4 29. h4 Be5 30. g4 Bf4 31. d3 Rd8 32. Ra3 Be5 33. Kd2
Rxc3 34. Rxc3 Bxc3+ 35. Kxc3 Rb8 36. d4 a5 37. Bc6 Kf8 38. Kc4 Ke7 39. Kc5 Kd8
40. d5 Rb4 41. d6 Rb2 42. Ba4 Rf2 43. Bd1 Rd2 44. Ba4 Rd3 45. Bc6 Rc3+ 0-1